| 000 | 00358nam a2200085Ia 4500 | ||
|---|---|---|---|
| 008 | 160715s9999 xx 000 0 und d | ||
| 245 | _aSouthville Int’l School suspends classes due to bomb scare | ||
| 260 |
_bPhilippine Daily Inquirer _cSeptember 1, 2014 |
||
| 856 | _uhttp://newsinfo.inquirer.net/634335/southville-intl-school-suspends-classes-due-to-bomb-scare | ||
| 999 |
_c297735 _d297735 |
||